000 00816nam a2200241 i 4500
003 IT-RoINE
005 20180927072513.0
008 040617s1968 it |r |001|||ita|d
040 _aUPSA
_cesslup IT-RoINE
_dIT-RoINE
100 1 _aPoggiaspalla, Ferminio
_952652
245 1 3 _aLa vita comune del clero :
_bdalle origini alla riforma gregoriana /
_cFerminio Poggiaspalla.
260 _aRoma :
_bStoria e Letteratura,
_c1968.
300 _a175 p. ;
_c25 cm.
336 _2rdacontent
_atext
337 _2rdamedia
_aunmediated
338 _2rdacarrier
_avolume
490 1 _aUomini e dottrine ;
_v14
500 _aIncluye índice.
504 _aIncluye referencias bibliográficas en notas.
650 4 _aClero
_xHistoria
_ySiglos 2o.-11o.
_952653
830 0 _952585
_aUomini e dottrine ;
_v14
942 _cMTS
999 _c26673
_d26673